000 00506cam a2200205 4500
001 J100508
008 000000n1997 000 0 eng u
035 _a(Sirsi) u100508
041 _aeng
050 _a332.6324094
110 _aClifford Chance
_92015
245 _aAcquiring a European property investment.
260 _aLondon
_bClifford Chance
_c1997
300 _a59p. ; 30cm.
350 _a0
650 _aEUROPE
650 _aPROPERTY INVESTMENT
690 _aOVERSEAS-EUROPE
942 _n0
999 _c99708
_d99708